| 000 | 00683nam a2200217 a 4500 | ||
|---|---|---|---|
| 003 | CO-ViMGA | ||
| 005 | 20230915224414.0 | ||
| 008 | 931209s1993 ck r 00011dspa d | ||
| 020 | _a9586143929 | ||
| 040 |
_aCO-ViMGA _bspa _cCO-ViMGA |
||
| 043 | _as-ck--- | ||
| 082 | 0 | 4 |
_aCo863.6 _bM67c4 _219 ed. |
| 100 | 1 |
_aMoreno-Durán, R.H., _d1946-2005. _910611 |
|
| 240 | 0 | _aBoyacá-Bibliografía regional | |
| 245 | 1 | 3 |
_aEl caballero de la invicta / _cR. H. Moreno Duran. |
| 250 | _aEditora Mireya Fonseca Leal. | ||
| 260 |
_aSanta Fé de Bogotá : _bPlaneta Colombiana Editorial, _c1993. |
||
| 300 |
_a227 p. ; _c21 cm. |
||
| 650 | 1 | 4 |
_aNovela colombiana. _9588 |
| 942 |
_2ddc _cBK |
||
| 999 |
_c11841 _d11841 |
||